WHO technical report series; N.841 Cardiovascular disease risk factors: new areas for research

Guardat en:
Dades bibliogràfiques
Autor principal: OMS
Format: Llibre
Idioma:Undetermined
Publicat: Geneva OMS 1994
Matèries:
Etiquetes: Afegir etiqueta
Sense etiquetes, Sigues el primer a etiquetar aquest registre!
Thư viện lưu trữ: Trung tâm Học liệu Trường Đại học Cần Thơ
LEADER 00623nam a2200193Ia 4500
001 CTU_34662
008 210402s9999 xx 000 0 und d
082 |a 614 
082 |b T255/N841 
100 |a OMS 
245 0 |a WHO technical report series; N.841 
245 0 |b Cardiovascular disease risk factors: new areas for research 
245 0 |c OMS 
260 |a Geneva 
260 |b OMS 
260 |c 1994 
650 |a cardiovascular diseases - prevention and control,cholesterol,hypertension,risk factors,smoking 
904 |i Nguyễn Quang Điền, 991221 
980 |a Trung tâm Học liệu Trường Đại học Cần Thơ